000 00491nam a2200181Ia 4500
008 151202s9999||||xx |||||||||||||| ||und||
082 _bPNVM-48586
100 _aARORA BOOK COMPANY.
245 _aONE ZERO ONE MORAL STORIES OF GRANDPA.
260 _b---
260 _c0
300 _a232
600 _aARORA BOOK COMPANY.
630 _aONE ZERO ONE MORAL STORIES OF GRANDPA.
700 _aARORA BOOK COMPANY.
730 _aONE ZERO ONE MORAL STORIES OF GRANDPA.
942 _cBOOK
999 _c1314532
_d1314529